| 000 | 00387nam a22001457a 4500 | ||
|---|---|---|---|
| 999 |
_c7787 _d7785 |
||
| 005 | 20210326103050.0 | ||
| 008 | 210326b ||||| |||| 00| 0 eng d | ||
| 082 | _a346.066 | ||
| 100 |
_aAIYAR, A.R, _96511 |
||
| 245 | _aCOMPANY CASES: THE CORPORATE LAW WEEKLY | ||
| 260 |
_aCHENNAI _bCOMPANY LAW INSTITUTE OF INDIA _c2020 |
||
| 300 | _a632,i-xxxvi;p | ||
| 650 |
_aLAW _95701 |
||
| 942 | _cJRL | ||